000 00726cab a2200229 4500
001 WB2716-38
008 090401t1991 xxu||||| |||| 00| 0 eng d
035 _a(Sirsi) u60810
041 _aeng
245 _aRestoration bonds
260 _c1991
350 _a0
490 _aPlanning (for the Natural and Built Environment)
_vno 914, 19/4/91 p3
520 _aThe DoE has appointed Arup Economics and Planning to undertake a review of the effectiveness of restoration conditions on mineral planning permissions.
650 _aMINERALS ACT 1981
650 _aPLANNING PERMISSION
650 _aRESTORATION BONDS
650 _aSTEVENS COMMITTEE
690 _aMINING AND MINERALS
942 _n0
948 _c04/03/1997
999 _c37591
_d37591